000 00903nam0a22002651 4500
001 v19\rc\1691662
005 20260406163049.0
035 _a(NLR Aleph) 004795390
090 _a4772950
_c4772950
100 _a20061002d1897 |||y0rusy50 ca
101 0 _arus
102 _aRU
105 _ay z |||||
200 1 _aЖитие святого блаженного Василия Христа ради юродивого, Московского чудотворца
205 _a4-е изд.
210 _aМосква
_cС.А. Живарев
_d1897
215 _a35 с.
_d16
702 0 _4570
_8rus
_7ca
_aВасилий Блаженный
_cсвятой юродивый
_f1469-1557
_3RU\NLR\AUTH\779839
_9119639
801 0 _aRU
_bNLR
_gpsbo
801 0 _aRU
_bRuMoRGB
_2psbo
801 1 _aRU
_bProSoft-M
_2rusmarc
852 _aNLR
_j18.265.8.266
899 _aRuMoRGB
_jU 419/1969
942 _cBOOK
980 _aNB